[Event "GER MS-262 email"]
[Site "GER email"]
[Date "2017.05.31"]
[Round "?"]
[White "Kuna, Heiko"]
[Black "Wittenberg, Gerd"]
[Result "1/2-1/2"]
[WhiteElo "1960"]
[BlackElo "1920"]
[PlyCount "66"]
[EventDate "2017.06.06"]
[EventType "tourn (corr)"]
[EventRounds "6"]
[EventCountry "GER"]
[SourceTitle "Corr 2020"]
[Source "ChessBase"]
[SourceDate "2019.09.30"]
[SourceVersion "1"]
[SourceVersionDate "2019.09.30"]
[SourceQuality "1"]

1. Nf3 d5 2. d4 e6 3. c4 Bb4+ 4. Nbd2 Nf6 5. Qa4+ Nc6 6. a3 Be7 7. e3 Bd7 8. Qc2 a6 9. Bd3 0-0 10. 0-0 Na5 11. b3 dxc4 12. Nxc4 c5 13. Bb2 Rc8 14. Nfe5 cxd4 15. Bxd4 Nc6 16. Bb6 Qe8 17. Nf3 Nb8 18. Qb1 Bc6 19. Nfe5 Bd5 20. Bd4 Bc5 21. Nb6 Bxd4 22. exd4 Rd8 23. Rd1 Bc6 24. Nbc4 Qe7 25. h3 b5 26. Na5 Ba8 27. b4 Rc8 28. Rc1 Nbd7 29. Rxc8 Rxc8 30. Qe1 Nxe5 31. dxe5 Nd7 32. Qe3 h6 33. Rd1 Bd5 1/2-1/2